000 00699nam a2200217 a 4500
001 000010218
005 20240530073911.0
008 091005t2005 dr 000 f spa d
020 _a999343230X
040 _aDO-SdBNP
_bspa
_cBNPHU
082 _aRD863.44
_bH557me
100 1 _aHernández, Ángela,
_d1954-
_92564
245 1 0 _aMetáfora del cuerpo en fuga /
_cÁngela Hernández.
260 _aSanto Domingo :
_bCole,
_c2005.
300 _a172 p. ;
_c22 cm.
500 _aIncluye datos biográficos de la autora en la contracubierta.
590 _aInventariado, 2020/BT
650 0 _aNovela dominicana
_9223
650 0 _aLiteratura dominicana.
_967
910 _aValidado. Control de calidad EMS.
999 _c9977
_d9977